5HLuxD.jpg

KING HENRY VIII SENIOR AND PRIMARY SCHOOL LIBRARY OPAC

Meg and the dragon / (Record no. 1976)

000 -LEADER
fixed length control field 01266pam a2200349 i 4500
001 - CONTROL NUMBER
control field 017434143
003 - CONTROL NUMBER IDENTIFIER
control field Uk
005 - DATE AND TIME OF LATEST TRANSACTION
control field 20230222095015.0
008 - FIXED-LENGTH DATA ELEMENTS--GENERAL INFORMATION
fixed length control field 150515s2015 xxka j 000|1|eng|d
015 ## - NATIONAL BIBLIOGRAPHY NUMBER
National bibliography number GBB587706
Source bnb
016 7# - NATIONAL BIBLIOGRAPHIC AGENCY CONTROL NUMBER
Record control number 017434143
Source Uk
020 ## - INTERNATIONAL STANDARD BOOK NUMBER
International Standard Book Number 9780141362205 (pbk.) :
040 ## - CATALOGING SOURCE
Original cataloging agency StDuBDS
Language of cataloging eng
Transcribing agency StDuBDS
Modifying agency Uk
-- KH8
Description conventions rda
042 ## - AUTHENTICATION CODE
Authentication code ukblcatcopy
082 04 - DEWEY DECIMAL CLASSIFICATION NUMBER
Classification number 823.92 WAL
Edition number 23
100 1# - MAIN ENTRY--PERSONAL NAME
Personal name Walser, David,
Relator term author.
245 10 - TITLE STATEMENT
Title Meg and the dragon /
Statement of responsibility, etc. Jan Pieńkowski and David Walser ; based on characters created by Helen Nicoll and Jan Pieńkowski.
264 #1 - PRODUCTION, PUBLICATION, DISTRIBUTION, MANUFACTURE, AND COPYRIGHT NOTICE
Place of production, publication, distribution, manufacture UK :
Name of producer, publisher, distributor, manufacturer Puffin Books,
Date of production, publication, distribution, manufacture, or copyright notice 2015.
300 ## - PHYSICAL DESCRIPTION
Extent 30 unnumbered pages :
Other physical details chiefly illustrations (colour) ;
Dimensions 25 cm
336 ## - CONTENT TYPE
Content type term text
Source rdacontent
336 ## - CONTENT TYPE
Content type term still image
Source rdacontent
337 ## - MEDIA TYPE
Media type term unmediated
Source rdamedia
338 ## - CARRIER TYPE
Carrier type term volume
Source rdacarrier
500 ## - GENERAL NOTE
General note Formerly CIP.
Institution to which field applies Uk
600 00 - SUBJECT ADDED ENTRY--PERSONAL NAME
Personal name Meg
Titles and other words associated with a name (Fictitious character from Nicoll)
Form subdivision Pictorial works
-- Juvenile fiction.
600 00 - SUBJECT ADDED ENTRY--PERSONAL NAME
Personal name Mog
Titles and other words associated with a name (Fictitious character from Nicoll)
Form subdivision Pictorial works
-- Juvenile fiction.
650 #0 - SUBJECT ADDED ENTRY--TOPICAL TERM
Topical term or geographic name entry element Witches
Form subdivision Pictorial works
-- Juvenile fiction.
655 #7 - INDEX TERM--GENRE/FORM
Genre/form data or focus term Children's stories
Form subdivision Pictorial works.
Source of term gsafd
700 1# - ADDED ENTRY--PERSONAL NAME
Personal name Pieńkowski, Jan,
Relator term artist.
700 1# - ADDED ENTRY--PERSONAL NAME
Personal name Nicoll, Helen.
942 ## - ADDED ENTRY ELEMENTS (KOHA)
Source of classification or shelving scheme
Koha item type Books - Non Ficton
Holdings
Withdrawn status Lost status Source of classification or shelving scheme Damaged status Not for loan Collection code Permanent Location Current Location Shelving location Date acquired Total Checkouts Total Renewals Full call number Barcode Date last seen Date last checked out Price effective from Koha item type
          Non-Fiction KH8 Primary School Library KH8 Primary School Library Non Fiction 2023-02-22 21 2 823.92 WAL KHPL000003687 2025-12-05 2025-11-18 2023-02-22 Books - Non Ficton

Powered By KH8 IT Dept